000 00974nam a2200277 c 4500
003 BLK
005 20180422102916.0
008 180408b bul|||||r ||||||| ||bul||
010 _aKNG00071746000
020 _a954-773-081-9
_bиздат.: Полиграф - Неделчо Енев
040 _aBLK
041 _aBUL
_cBUL
080 _aБългарска литература
_b821.163.2
_x-17
_z821.163.2-17
100 1 _aИванов, Теодор
_eпърви автор
_9368951
139 _aИванов, Теодор
_bИ 21
245 1 0 _aОгледало
_bМатериали разни за случаи разнообразни
_cТеодор Иванов.
257 _aBGR
260 Разград
_bПолиграф - Неделчо Енев
_c2006
300 _a28 с.
_c19 см
380 _aX
852 _aЦб 231544
856 4 _qpdf
_u
856 4 _qpdf
_u
942 _cKNG
_n0
944 _aCR
_c16.02.2007
_kГеновева_Генчева
944 _aED
_c21.02.2007
_k
999 _c67435
_d67435